טוען...
Bhagavad gita /
| מחבר ראשי: | |
|---|---|
| שפה: | Undetermined |
| יצא לאור: |
1928
|
| LEADER | 00349nam a2200121Ia 4500 | ||
|---|---|---|---|
| 001 | 76238 | ||
| 008 | 170722s9999 xx 000 0 und d | ||
| 100 | |a Rele, Vsant G. | ||
| 245 | |a Bhagavad gita / | ||
| 260 | |c 1928 | ||
| 942 | |c GEN | ||
| 999 | |c 19941 |d 19941 | ||
| 952 | |0 1 |1 0 |4 0 |6 R_656_F8_CR |7 0 |9 23584 |a LIB |b LIB |d 2017-08-12 |o R65,6 F8 (CR) |p 5342 |r 2017-08-12 |w 2017-08-12 |y GEN | ||